000 00724nam a2200253Ia 4500
003 OSt
005 20220925164711.0
006 a|||||r|||| 00| 0
007 ta
008 220923b |||||||| |||| 00| 0 eng d
020 _a075463728X
037 _cGeneral Book
040 _aRTL
_cRTL
_beng
041 _2eng
_aeng
082 _aY2.3.N9, P3
100 _aHakim Catherine
_9231056
245 0 _aModels of the family in modern societies
_bIdeals and realities
260 _aAldershot
_bAshgate
_c2003
300 _axv,282p
_ccm.
500 _aBibliography P 265-280
650 _aFamily Sociology
_9231057
942 _hY2.3.N9, P3
_cGB
_2CC
999 _c475696
_d475696